| 000 | 01619pam a2200373 i 4500 | ||
|---|---|---|---|
| 999 |
_c64806 _d64806 |
||
| 001 | 71800522 | ||
| 003 | OCoLC | ||
| 005 | 20190208114045.0 | ||
| 008 | 060918t20072007nyu b 001 0 eng | ||
| 010 | _a2006030804 | ||
| 020 | _a1570757089 | ||
| 020 | _a9781570757082 | ||
| 020 | _z1570757105 (alk. paper) | ||
| 040 |
_aDLC _cCO-MdFUSB _dIG# _dBTCTA _dBAKER _dPLT _dYDXCP _dUtOrBLW _bspa _erda |
||
| 041 | 1 |
_aeng _hspa |
|
| 082 |
_224 _aG 227.8306 _bT157s |
||
| 100 | 1 |
_aTamez, Elsa. _eautor |
|
| 240 | 1 | 0 | _aLuchas de poder en los origenes de Cristianismo. |
| 245 | 1 | 0 |
_aStruggles for power in early Christianity _b: a study of the first letter to Timothy _c/ Elsa Tamez ; traducido por Gloria Kinsler. |
| 264 | 1 |
_aMaryknoll, NY : _bOrbis, _c℗2007 |
|
| 264 | 4 | _c2007. | |
| 300 |
_axxv, 163 páginas ; _c21 cm. |
||
| 336 |
_2rdacontent. _atexto _btxt |
||
| 337 |
_2rdamedia. _asin mediación _bn |
||
| 338 |
_2rdacarrier. _avolumen _bnc |
||
| 500 | _aOriginalmente. Luchas de poder en los origenes de Cristianismo. | ||
| 501 | _aIncluye índices (páginas 155- 163) | ||
| 504 | _aBibliografía (páginas 151- 154) | ||
| 505 | 0 | _aPrólogo de Juan José Tamayo -- Prólogo a la edición en inglés -- Introducción -- Los ricos y las luchas por el poder en la comunidad cristiana -- El hogar patriarcal y las relaciones de poder entre los géneros -- Las posiciones teológicas y las luchas por el poder -- Criterios para el liderazgo y las luchas por el poder -- Conclusión | |
| 630 | 0 | 7 |
_aBiblia. _pTimoteo, 1ª |
| 942 | _cBK | ||